000 00516nam a22001697a 4500
999 _c525301
_d525301
003 NUST
038 _awaseem
082 _a954.9105092
_bSIH
100 _aSihal, Qasim
_916035
245 _aDhee Dharti Dee :
_b(Mutarma Benazir Bhutto Saheed) /
_cQasim Sihal
260 _aMultan :
_bKitab Nagir,
_c2009.
300 _a336 p. ;
500 _aHardcover.
880 _6100-01\r
_aقاسم سیال
880 _6245-02\r
_aدِھی دھرتی دِی :
_bمحترمہ بینظیر بھٹو شہید /
942 _2ddc
_cBK